日本の峡谷・渓谷 - Statistics

General Stats
  • This quiz has been taken 48 times
  • The average score is 4 of 15
Answer Stats
都道府県 ヒント 峡谷・渓谷名 % Correct
徳島県 大股で歩くと危ない 大歩危
83%
東京都 23区内にある 等々力渓谷
52%
青森県 十和田湖にある青撫取水口の標高は約400 mだが、各支流にある取水口はそれよりも高い標高にあるため、十和田発電所で発電を制限すると支流からの水が導水路を通じ十和田湖へ流入する仕組みとなっている 奥入瀬渓流
46%
岩手県 栗駒山を源に流れる磐井川が巨岩を侵食し、おう穴・滝・深淵と表情を変え2kmにわたって渓谷美を見せる 厳美渓
41%
山梨県 「日本五大名峡」の一つで、ロープウェイも整備されている 昇仙峡
39%
広島県 日本百景の一つ。三段峡と共に広島県を代表する景勝地として知られ、国内有数の峡谷でもある。地元では日本五大峡の一つと謳っている 帝釈峡
37%
北海道 大雪山国立公園に位置し、石狩川を挟み約24 kmの断崖絶壁が続く 層雲峡
30%
和歌山/三重/奈良 隆起準平原である大台ヶ原周辺から流れを発した川が滝を形成し、侵食作用によって滝つぼが後退して形成された 瀞峡
13%
熊本県 山都町内の五ヶ瀬川沿いの峡谷。決して班田収授法や昔の日本の税とは関係がない 蘇陽峡
11%
神奈川県 丹沢の秘境と呼ばれる ユーシン渓谷
9%
埼玉県 秩父鉄道秩父本線「三峰口駅」から西武観光バス〇〇川行で約1時間 中津峡
7%
島根県 下流にはキャンプ場やレストラン、芦ヶ原伸之監修のパズル展示館、巨大迷路が整備されている 匹見峡
4%
北海道 アイヌ語の「カイェ・ウトゥル」から。直訳すると「折るの間」だが意味合い的には「岩壁が折れている間」 貝取澗渓谷
0%
徳島県 四万十層群の砂岩でできた奇岩奇石の景勝地で、阿波八景十二勝の一つ 鷲敷ライン
0%
鳥取県 この地の名の由来は、渓谷の最下流部に〇〇と〇〇〇があることから かまこしき渓谷
0%
No matching quizzes found
Score Distribution
Percent of People with Each Score
Percentile by Number Answered
Your Score History
You have not taken this quiz